[Event "Karl Mala Memorial op-A 16th"]
[Site "Frankfurt"]
[Date "2013.07.14"]
[Round "6"]
[White "Bosse, Volkmar"]
[Black "Krischak, Werner"]
[Result "1-0"]
[WhiteElo "1929"]
[BlackElo "1773"]
[PlyCount "119"]
[EventDate "2013.07.11"]
[EventType "swiss"]
[EventRounds "7"]
[EventCountry "GER"]
[SourceTitle "EXT 2014"]
[Source "ChessBase"]
[SourceDate "2013.11.20"]
[SourceVersion "1"]
[SourceVersionDate "2013.11.20"]
[SourceQuality "1"]

1. e4 c6 2. d4 d5 3. Nc3 dxe4 4. Nxe4 Bf5 5. Ng3 Bg6 6. N1e2 e6 7. Nf4 Ne7 8. Bc4 Nd7 9. Bb3 Qc7 10. c3 0-0-0 11. Be3 Kb8 12. Bxe6 Re8 13. Nxg6 fxg6 14. Bf7 Rd8 15. Qd2 Ka8 16. Bf4 Qb6 17. 0-0 Nd5 18. Bxd5 cxd5 19. Rfe1 Nf6 20. Re2 Bd6 21. Rae1 Bxf4 22. Qxf4 Rhf8 23. Qd2 Rd7 24. Qc2 a6 25. Re7 Qc7 26. Rxd7 Qxd7 27. f3 Re8 28. Rxe8+ Qxe8 29. Qe2 Qd7 30. h3 g5 31. Qe5 h6 32. Nf5 Nh5 33. Kh2 Ka7 34. g4 Nf6 35. Qe7 Qxe7 36. Nxe7 b5 37. Kg3 Kb7 38. h4 gxh4+ 39. Kxh4 g5+ 40. Kg3 Kc7 41. Nf5 Ng8 42. f4 Kd7 43. Kf3 a5 44. b3 Ke6 45. Ke3 b4 46. fxg5 hxg5 47. c4 Nf6 48. Kf3 Ne4 49. Ne3 Nc3 50. cxd5+ Kd7 51. Nc4 a4 52. Nb6+ Kd6 53. bxa4 Nxa2 54. a5 b3 55. a6 Kc7 56. a7 b2 57. a8Q b1Q 58. Qc6+ Kb8 59. Qc8+ Ka7 60. Qa8+ 1-0

[Event "Hessen-ch Gr-C 65th"]
[Site "Gladenbach"]
[Date "2011.04.23"]
[Round "6"]
[White "Gertz, Berthold"]
[Black "Bosse, Volkmar"]
[Result "1/2-1/2"]
[WhiteElo "1972"]
[BlackElo "1950"]
[PlyCount "62"]
[EventDate "2011.04.20"]
[EventType "swiss"]
[EventRounds "7"]
[EventCountry "GER"]
[SourceTitle "CBM 142 Extra"]
[Source "ChessBase"]
[SourceDate "2011.06.27"]
[SourceVersion "1"]
[SourceVersionDate "2011.06.27"]
[SourceQuality "1"]

1. d4 d5 2. c4 Nc6 3. Nc3 dxc4 4. e3 Nf6 5. Bxc4 e6 6. Nf3 Bb4 7. 0-0 0-0 8. a3 Bxc3 9. bxc3 b6 10. Re1 h6 11. e4 Bb7 12. Qd3 Nd7 13. e5 Re8 14. Bb3 Nc5 15. Qc2 Nxb3 16. Qxb3 Na5 17. Qd1 Qd5 18. Qe2 Qc4 19. Qxc4 Nxc4 20. Nd2 Bd5 21. Ne4 Rac8 22. Bf4 Red8 23. h4 Nb2 24. g3 Nd3 25. Re3 Nxf4 26. gxf4 Bxe4 27. Rxe4 c5 28. Rd1 h5 29. Re3 g6 30. Red3 c4 31. R3d2 Rd5 1/2-1/2

[Event "Hessen-ch Gr-C 65th"]
[Site "Gladenbach"]
[Date "2011.04.21"]
[Round "2"]
[White "Barisch, Florian"]
[Black "Bosse, Volkmar"]
[Result "1-0"]
[WhiteElo "1936"]
[BlackElo "1950"]
[PlyCount "59"]
[EventDate "2011.04.20"]
[EventType "swiss"]
[EventRounds "7"]
[EventCountry "GER"]
[SourceTitle "CBM 142 Extra"]
[Source "ChessBase"]
[SourceDate "2011.06.27"]
[SourceVersion "1"]
[SourceVersionDate "2011.06.27"]
[SourceQuality "1"]

1. d4 Nf6 2. c4 g6 3. Nc3 Bg7 4. e4 d6 5. f3 0-0 6. Be3 Nbd7 7. Qd2 Re8 8. Nge2 c6 9. 0-0-0 Qa5 10. Kb1 b5 11. Nc1 b4 12. N3e2 Rb8 13. Bh6 Bh8 14. g4 c5 15. h4 Bb7 16. h5 Nxg4 17. Bh3 Ngf6 18. hxg6 hxg6 19. Bxd7 Nxd7 20. Qg5 Bf6 21. Qg2 cxd4 22. Nf4 Nf8 23. Nh5 Nh7 24. Nxf6+ Nxf6 25. Rdg1 b3 26. axb3 e5 27. Qh2 Nxe4 28. Bg5 Nc3+ 29. Kc2 d3+ 30. Nxd3 1-0

[Event "Hessen-ch Gr-C 65th"]
[Site "Gladenbach"]
[Date "2011.04.21"]
[Round "3"]
[White "Rother, Ulrich"]
[Black "Bosse, Volkmar"]
[Result "1/2-1/2"]
[WhiteElo "2086"]
[BlackElo "1950"]
[PlyCount "83"]
[EventDate "2011.04.20"]
[EventType "swiss"]
[EventRounds "7"]
[EventCountry "GER"]
[SourceTitle "CBM 142 Extra"]
[Source "ChessBase"]
[SourceDate "2011.06.27"]
[SourceVersion "1"]
[SourceVersionDate "2011.06.27"]
[SourceQuality "1"]

1. d4 d5 2. c4 Nc6 3. cxd5 Qxd5 4. Nf3 e5 5. Nc3 Bb4 6. Bd2 Bxc3 7. Bxc3 e4 8. Ne5 Nf6 9. e3 0-0 10. Bc4 Qd8 11. Qb3 Nxe5 12. dxe5 Ng4 13. 0-0 Qe7 14. Rad1 b6 15. Bd5 Ba6 16. Bxa8 Bxf1 17. Rxf1 Rxa8 18. Qd5 Re8 19. Qxe4 Nxe5 20. Rd1 Rd8 21. Rxd8+ Qxd8 22. Qd4 Qxd4 23. Bxd4 Nd7 24. Kf1 f5 25. Ke2 Kf7 26. e4 c5 27. Bc3 fxe4 28. Ke3 Nf6 29. Bxf6 Kxf6 30. Kxe4 Ke6 31. a4 a6 32. f4 b5 33. axb5 axb5 34. b3 h5 35. g3 g6 36. h3 c4 37. bxc4 bxc4 38. g4 hxg4 39. hxg4 c3 40. Kd3 Kd5 41. Kxc3 Ke4 42. f5 1/2-1/2

[Event "Hessen-ch Gr-C"]
[Site "Idstein"]
[Date "2009.04.08"]
[Round "1"]
[White "Rump, Andreas"]
[Black "Bosse, Volkmar"]
[Result "1-0"]
[WhiteElo "1801"]
[BlackElo "1961"]
[PlyCount "117"]
[EventDate "2009.04.08"]
[EventType "swiss"]
[EventRounds "7"]
[EventCountry "GER"]
[SourceTitle "EXT 2010"]
[Source "ChessBase"]
[SourceDate "2010.11.25"]
[SourceVersion "1"]
[SourceVersionDate "2010.11.25"]
[SourceQuality "1"]

1. e4 e6 2. d4 d5 3. Nc3 Bb4 4. e5 c5 5. a3 Bxc3+ 6. bxc3 Qc7 7. f4 cxd4 8. cxd4 Ne7 9. Nf3 0-0 10. Bd3 f5 11. 0-0 Nbc6 12. Bd2 Bd7 13. Qe1 Rfc8 14. Qh4 Qd8 15. Ng5 h6 16. Nf3 Qe8 17. Rfb1 Rab8 18. Qe1 Ng6 19. Rb2 Qd8 20. Rab1 Qc7 21. Bb5 a6 22. Bd3 Be8 23. Rb6 Nd8 24. Rd6 Bc6 25. g4 Nf8 26. gxf5 exf5 27. Bxf5 Bd7 28. Bxd7 Nxd7 29. Qg3 Nf7 30. Rg6 Qxc2 31. Rc1 Qf5 32. Rxc8+ Rxc8 33. e6 Ng5 34. exd7 Nxf3+ 35. Kf2 Qxd7 36. Qxf3 Rc2 37. Qd3 Ra2 38. Rg3 Qa4 39. Rg2 Rxa3 40. Bc3 Qb3 41. Rg3 Ra2+ 42. Kg1 Rc2 43. Be1 Qb1 44. Qe3 Rc1 45. Kf1 Qb5+ 46. Qe2 Qb4 47. Qe6+ Kf8 48. Qf5+ Kg8 49. Qxd5+ Kh8 50. Qe5 Qc4+ 51. Kg2 Rc2+ 52. Bf2 Qf7 53. d5 Rd2 54. d6 Rd5 55. Qe7 Qf6 56. Qe8+ Kh7 57. Qe4+ Qf5 58. Qxf5+ Rxf5 59. Rd3 1-0

[Event "Hessen-ch Gr-C 62nd"]
[Site "Hanau"]
[Date "2008.03.23"]
[Round "7"]
[White "Guenzler, Richard"]
[Black "Bosse, Volkmar"]
[Result "1-0"]
[WhiteElo "1851"]
[BlackElo "1968"]
[PlyCount "69"]
[EventDate "2008.03.19"]
[EventType "swiss"]
[EventRounds "7"]
[EventCountry "GER"]
[SourceTitle "CBM 123 Extra"]
[Source "ChessBase"]
[SourceDate "2008.05.06"]
[SourceVersion "1"]
[SourceVersionDate "2008.05.06"]
[SourceQuality "1"]

1. d4 d5 2. c4 Nc6 3. cxd5 Qxd5 4. e3 e5 5. Nc3 Bb4 6. Bd2 Bxc3 7. Bxc3 exd4 8. Ne2 Nf6 9. Nxd4 0-0 10. f3 Nxd4 11. Qxd4 Be6 12. e4 Qxd4 13. Bxd4 Nd7 14. Be2 Nb6 15. b3 Rfd8 16. Rd1 Rd7 17. Kf2 Rad8 18. Be3 Rxd1 19. Rxd1 Rxd1 20. Bxd1 a5 21. Bxb6 cxb6 22. Be2 Bd7 23. a4 Be6 24. Bc4 Bd7 25. Ke3 Kf8 26. Kd4 f6 27. f4 Bc6 28. g4 h6 29. h4 g5 30. hxg5 hxg5 31. fxg5 fxg5 32. Ke5 Ke7 33. Kf5 Kd6 34. e5+ Ke7 35. Kxg5 1-0

[Event "Hessen-ch Gr-C 62nd"]
[Site "Hanau"]
[Date "2008.03.20"]
[Round "2"]
[White "Bosse, Volkmar"]
[Black "Raab, Hendrik"]
[Result "1/2-1/2"]
[WhiteElo "1968"]
[BlackElo "1731"]
[PlyCount "32"]
[EventDate "2008.03.19"]
[EventType "swiss"]
[EventRounds "7"]
[EventCountry "GER"]
[SourceTitle "CBM 123 Extra"]
[Source "ChessBase"]
[SourceDate "2008.05.06"]
[SourceVersion "1"]
[SourceVersionDate "2008.05.06"]
[SourceQuality "1"]

1. e4 c6 2. d4 d5 3. Nc3 dxe4 4. Nxe4 Bf5 5. Ng3 Bg6 6. Nf3 Nd7 7. Bd3 Bxd3 8. Qxd3 e6 9. 0-0 Ngf6 10. Re1 Be7 11. Qe2 h6 12. Bd2 0-0 13. Nh4 Re8 14. Nf3 c5 15. dxc5 Bxc5 16. Be3 Qb6 1/2-1/2

[Event "Hessen-ch Gr-C 62nd"]
[Site "Hanau"]
[Date "2008.03.20"]
[Round "3"]
[White "Geringer, Waldemar"]
[Black "Bosse, Volkmar"]
[Result "1/2-1/2"]
[WhiteElo "1891"]
[BlackElo "1968"]
[PlyCount "92"]
[EventDate "2008.03.19"]
[EventType "swiss"]
[EventRounds "7"]
[EventCountry "GER"]
[SourceTitle "CBM 123 Extra"]
[Source "ChessBase"]
[SourceDate "2008.05.06"]
[SourceVersion "1"]
[SourceVersionDate "2008.05.06"]
[SourceQuality "1"]

1. d4 Nf6 2. c4 g6 3. Nc3 Bg7 4. e4 d6 5. Nf3 0-0 6. Be2 e5 7. 0-0 Nc6 8. d5 Ne7 9. Ne1 Ne8 10. Be3 f5 11. f3 f4 12. Bf2 g5 13. a4 Rf6 14. a5 Rg6 15. c5 h5 16. c6 bxc6 17. dxc6 a6 18. Bc4+ Kh8 19. Bf7 Rh6 20. Nd5 Nf6 21. Nxc7 Qxc7 22. Bb6 Qxc6 23. Rc1 Qb5 24. Qxd6 Nfg8 25. Qd2 Rxb6 26. axb6 Qxb6+ 27. Kh1 Nf6 28. Nd3 Nc6 29. Qc3 Nd4 30. Nxe5 Kh7 31. Bg6+ Kh6 32. Qc4 Be6 33. Qd3 Bg8 34. Bf5 Nxf5 35. exf5 Qb5 36. Qd6 Qd5 37. Rc6 Qxd6 38. Rxd6 Kh7 39. Nd7 Nxd7 40. Rxd7 Rf8 41. Re1 Kh8 42. Rb7 Rxf5 43. Re8 Re5 44. Rxe5 Bxe5 45. b3 Bd5 46. Rb6 Kg7 1/2-1/2

[Event "Hessen-ch qual-C"]
[Site "Erlensee"]
[Date "2007.04.06"]
[Round "6"]
[White "Blosze, Winfried"]
[Black "Bosse, Volkmar"]
[Result "1/2-1/2"]
[WhiteElo "1930"]
[BlackElo "1997"]
[PlyCount "69"]
[EventDate "2007.04.04"]
[EventType "swiss"]
[EventRounds "7"]
[EventCountry "GER"]
[SourceTitle "CBM 117 Extra"]
[Source "ChessBase"]
[SourceDate "2007.05.09"]
[SourceVersion "1"]
[SourceVersionDate "2007.05.09"]
[SourceQuality "1"]

1. e4 c6 2. d4 d5 3. Nc3 dxe4 4. Nxe4 Bf5 5. Ng3 Bg6 6. h4 h6 7. h5 Bh7 8. Nf3 e6 9. Bd3 Bxd3 10. Qxd3 Bd6 11. Ne4 Bc7 12. Be3 Nd7 13. 0-0-0 Ngf6 14. Kb1 Nxe4 15. Qxe4 Nf6 16. Qh4 Nd5 17. Bc1 Qxh4 18. Rxh4 0-0-0 19. c4 Ne7 20. g4 c5 21. Kc2 Nc6 22. Be3 f6 23. a3 cxd4 24. Nxd4 Nxd4+ 25. Rxd4 Rxd4 26. Bxd4 b6 27. b4 Bf4 28. Rh3 e5 29. Be3 Bxe3 30. Rxe3 Rf8 31. f3 Kc7 32. Kb3 a6 33. a4 Rd8 34. Kc3 Rd1 35. Kc2 1/2-1/2

[Event "Bad Zwesten op 7th"]
[Site "Bad Zwesten"]
[Date "2003.??.??"]
[Round "1"]
[White "Bosse, Volkmar"]
[Black "Galdunts, Sergey"]
[Result "0-1"]
[WhiteElo "2035"]
[BlackElo "2486"]
[PlyCount "60"]
[EventDate "2003.01.02"]
[EventType "swiss"]
[EventRounds "9"]
[EventCountry "GER"]
[SourceTitle "CBM 092 Extra"]
[Source "ChessBase"]
[SourceDate "2003.03.07"]
[SourceVersion "1"]
[SourceVersionDate "2003.03.07"]
[SourceQuality "1"]

1. e4 g6 2. d4 Bg7 3. Nf3 c6 4. Bd3 d6 5. h3 Nd7 6. 0-0 e5 7. dxe5 dxe5 8. Bc4 Ngf6 9. Nc3 0-0 10. Be3 b5 11. Bd3 Qe7 12. a3 Nh5 13. Qd2 Nc5 14. Rad1 Ne6 15. Be2 Rd8 16. Qc1 Nd4 17. Bh6 Bb7 18. Nxd4 exd4 19. Bxh5 Bxh6 20. Qxh6 dxc3 21. Bf3 cxb2 22. Qe3 b4 23. a4 c5 24. Qb3 Qe5 25. Rb1 a5 26. Rxb2 Ba6 27. Re1 c4 28. Qa2 Rd2 29. Qb1 c3 30. Ra2 Rad8 0-1

[Event "Bad Zwesten op 6th"]
[Site "Bad Zwesten"]
[Date "2002.01.05"]
[Round "3"]
[White "Bosse, Volkmar"]
[Black "Reh, Philipp"]
[Result "1/2-1/2"]
[WhiteElo "1840"]
[BlackElo "2146"]
[PlyCount "30"]
[EventDate "2002.01.04"]
[EventType "swiss"]
[EventRounds "9"]
[EventCountry "GER"]
[SourceTitle "CBM 086 Extra"]
[Source "ChessBase"]
[SourceDate "2002.03.14"]
[SourceVersion "1"]
[SourceVersionDate "2002.03.14"]
[SourceQuality "1"]

1. e4 d6 2. d4 Nf6 3. Nc3 g6 4. h3 Bg7 5. Be3 0-0 6. Nf3 d5 7. e5 Ne4 8. Nxe4 dxe4 9. Nd2 c5 10. Nxe4 cxd4 11. Qxd4 Qa5+ 12. c3 Nc6 13. Qc5 Qxc5 14. Bxc5 Nxe5 15. Be2 b6 1/2-1/2

[Event "MVS Bezirks-ch"]
[Site "Bad Soden Salmuenster"]
[Date "2001.11.25"]
[Round "7"]
[White "Bosse, Volkmar"]
[Black "Weber, Ralf Josef"]
[Result "1-0"]
[WhiteElo "1840"]
[BlackElo "1638"]
[PlyCount "117"]
[EventDate "2001.11.??"]
[EventType "swiss"]
[EventRounds "7"]
[EventCountry "GER"]
[SourceTitle "EXT 2004"]
[Source "ChessBase"]
[SourceDate "2003.11.25"]
[SourceVersion "1"]
[SourceVersionDate "2003.11.25"]
[SourceQuality "1"]

1. e4 d6 2. d4 Nd7 3. Nf3 e6 4. Bd3 b6 5. Be3 Bb7 6. Nbd2 Ne7 7. 0-0 c6 8. Ng5 g6 9. Qf3 f6 10. Nc4 Qb8 11. Nxe6 b5 12. Nd2 Ng8 13. Nxf8 Nxf8 14. Qg3 Qc7 15. Bf4 0-0-0 16. e5 dxe5 17. dxe5 Ne6 18. Be3 a6 19. exf6 Nxf6 20. Qxc7+ Kxc7 21. Ne4 Nd5 22. Nc5 Nxc5 23. Bxc5 Bc8 24. Rfe1 Rhe8 25. Rad1 Kb7 26. Bf1 Bf5 27. c4 Rxe1 28. Rxe1 Nb6 29. cxb5 axb5 30. Re7+ Rd7 31. Rxd7+ Nxd7 32. Be3 Ne5 33. h3 Bb1 34. a3 Ba2 35. Bd4 Nf7 36. Bd3 Nd6 37. Bc2 Bd5 38. h4 Nf5 39. Bf6 Nd6 40. h5 Be4 41. Bd1 Kc8 42. hxg6 hxg6 43. Bg4+ Bf5 44. Bxf5+ gxf5 45. f3 Kd7 46. Kf2 Ke6 47. Bc3 Nc4 48. Ke2 c5 49. Kd3 Nd6 50. b3 Ne8 51. a4 b4 52. Bd2 Kd5 53. g4 fxg4 54. fxg4 Nf6 55. g5 Ng8 56. a5 Kc6 57. Kc4 Ne7 58. Be3 Ng6 59. Bxc5 1-0

[Event "MVS Bezirks-ch"]
[Site "Bad Soden Salmuenster"]
[Date "2001.11.24"]
[Round "5"]
[White "Schloessner, Henrik"]
[Black "Bosse, Volkmar"]
[Result "1/2-1/2"]
[WhiteElo "2013"]
[BlackElo "1840"]
[PlyCount "61"]
[EventDate "2001.11.??"]
[EventType "swiss"]
[EventRounds "7"]
[EventCountry "GER"]
[SourceTitle "EXT 2004"]
[Source "ChessBase"]
[SourceDate "2003.11.25"]
[SourceVersion "1"]
[SourceVersionDate "2003.11.25"]
[SourceQuality "1"]

1. e4 e6 2. Nc3 d5 3. g3 dxe4 4. Nxe4 Nf6 5. Qe2 Bd7 6. Bg2 Nxe4 7. Bxe4 Bc6 8. Nf3 Bxe4 9. Qxe4 Qd5 10. Qxd5 exd5 11. 0-0 Nc6 12. Re1+ Be7 13. b3 0-0 14. Bb2 Bd6 15. a3 Rfe8 16. Nh4 Be5 17. Bxe5 Nxe5 18. f4 Nc6 19. Nf3 Kf8 20. Kf2 Rxe1 21. Rxe1 Re8 22. Rxe8+ Kxe8 23. Ke3 Ke7 24. g4 f6 25. Nd4 Nxd4 26. Kxd4 Kd6 27. b4 c6 28. h4 b6 29. c4 c5+ 30. Kc3 d4+ 31. Kd3 1/2-1/2

[Event "MVS Bezirks-ch"]
[Site "Bad Soden Salmuenster"]
[Date "2001.11.17"]
[Round "1"]
[White "Bosse, Volkmar"]
[Black "Plietz, Burckhard"]
[Result "1-0"]
[WhiteElo "1840"]
[BlackElo "1271"]
[PlyCount "69"]
[EventDate "2001.11.??"]
[EventType "swiss"]
[EventRounds "7"]
[EventCountry "GER"]
[SourceTitle "EXT 2004"]
[Source "ChessBase"]
[SourceDate "2003.11.25"]
[SourceVersion "1"]
[SourceVersionDate "2003.11.25"]
[SourceQuality "1"]

1. e4 c5 2. Nf3 Nc6 3. d4 cxd4 4. Nxd4 Nb8 5. Nc3 e5 6. Ndb5 d6 7. Nd5 Na6 8. Be3 b6 9. Bc4 Bb7 10. Qf3 Qd7 11. Nbc3 Nc7 12. 0-0 Bc6 13. a4 Nf6 14. Nxf6+ gxf6 15. Qxf6 Rg8 16. Rfd1 Ne6 17. Nb5 Be7 18. Qf3 a6 19. Bxe6 fxe6 20. Qh5+ Kd8 21. Bxb6+ Kc8 22. Nc3 Kb7 23. a5 Rg7 24. Qe2 Qe8 25. Qc4 Qf7 26. b4 Rc8 27. Qd3 Rcg8 28. g3 Rc8 29. b5 Bd7 30. bxa6+ Ka8 31. Nb5 Bxb5 32. Qxb5 Bf8 33. Rab1 Rxc2 34. Bc5 Qc7 35. Qe8+ 1-0

[Event "MVS Bezirks-ch"]
[Site "Bad Soden Salmuenster"]
[Date "2001.??.??"]
[Round "4"]
[White "Bosse, Volkmar"]
[Black "Mueller, Achim"]
[Result "0-1"]
[WhiteElo "1840"]
[BlackElo "2082"]
[PlyCount "84"]
[EventDate "2001.11.??"]
[EventType "swiss"]
[EventRounds "7"]
[EventCountry "GER"]
[SourceTitle "EXT 2004"]
[Source "ChessBase"]
[SourceDate "2003.11.25"]
[SourceVersion "1"]
[SourceVersionDate "2003.11.25"]
[SourceQuality "1"]

1. e4 c5 2. Nf3 e6 3. d4 cxd4 4. Nxd4 a6 5. Bd3 Nf6 6. 0-0 Qc7 7. Nd2 Be7 8. N2f3 d6 9. c3 Nbd7 10. Re1 0-0 11. a4 b6 12. Nb3 Bb7 13. Bg5 Rfe8 14. Qc2 Rac8 15. Qe2 Ra8 16. h3 Bf8 17. Qc2 e5 18. Nfd2 Rac8 19. f3 d5 20. exd5 h6 21. Bxf6 Nxf6 22. d6 Bxd6 23. Ne4 Nd5 24. Nxd6 Qxd6 25. Bf5 Rcd8 26. Be4 g6 27. Rad1 f5 28. Bxd5+ Bxd5 29. Nc1 Kg7 30. Nd3 e4 31. Nb4 Qc5+ 32. Kh1 exf3 33. Rxe8 fxg2+ 34. Kh2 Rxe8 35. Nxd5 g1Q+ 36. Rxg1 Qxd5 37. Qg2 Qe5+ 38. Kh1 Qe4 39. Kh2 g5 40. Qf1 Qe2+ 41. Kh1 Kf6 42. b4 Qxf1 0-1